| 000 | 00514nam a22001931a 4500 | ||
|---|---|---|---|
| 001 | 1373 | ||
| 003 | OSt | ||
| 005 | 20260204211731.0 | ||
| 008 | 040119s1981||||dr ||||||b||||||||||spa|| | ||
| 050 | _aRD 930.1 V546m | ||
| 082 | _aRD 930.1 V543m | ||
| 100 | _aVeloz Maggiolo, Marcio | ||
| 245 | _aLos modos de vida mellacoides y sus posibles orígenes / Marcio Veloz Maggiolo | ||
| 264 | _aSanto Domingo : Taller | ||
| 300 | _a433 p. | ||
| 500 | _aIncluye indice | ||
| 650 | _a1.ArqueologíaÌ | ||
| 942 |
_2ddc _cBK |
||
| 999 |
_c1373 _d1373 |
||